Normal view MARC view
  • Marín Favela, Octavio

Entry Nombre Personal

Number of records used in: 1

001 - NUMERO DE CONTROL

  • campo de control: 59561

003 - IDENTIFICADOR DE NUMERO DE CONTROL

  • campo de control: UPN

005 - FECHA Y HORA DE LA ÜLTIMA TRANSACCIÓN

  • campo de control: 20260519110355.0

008 - DATOS DE LONGITUD FIJA

  • campo de control de longitud fija: 260519|| acz||aabn | a|a d

040 ## - FUENTE DE CATALOGACIÓN

  • Agencia original de catalogación: MX-MxUPN

100 1# - ENCABEZAMIENTO - NOMBRE PERSONAL

  • Nombre personal: Marín Favela, Octavio

370 ## - LUGAR ASOCIADO

  • Place of birth: Durango, México

371 ## - DIRECCIÓN

  • Electronic mail address: arinfavelahardy@gmail.com

372 ## - CAMPO DE ACTIVIDAD

  • Field of activity: Eduación física
  • Field of activity: Docencia

373 ## - GRUPO ASOCIADO

  • Associated group: Centro de Investigación e Innovación para el Desarrollo Educativo

374 ## - OCUPACIÓN

  • Occupation: Maestro de educación física
  • Occupation: Docencia

670 ## - FUENTE EN LA QUE SE LOCALIZARON DATOS

  • Cita de la fuente: En recurso en línea: Investigación educativa duranguense, Vol. 27 no. 26, (2026):
  • Información localizada: página 1 (Octavio Marín Favela)
  • Uniform Resource Identifier: https://editorialupd.mx/revistas/index.php/ined/article/view/236/290

902 ## - CATALOGADOR

  • Catalogador: RGJD/190526